[Event "Nordic-chT U13"]
[Site "Fredericia"]
[Date "2023.01.20"]
[Round "1.2"]
[White "Frydendahl, Noah Skotte"]
[Black "Hansen, August"]
[Result "1-0"]
[WhiteElo "1171"]
[BlackElo "1492"]
[PlyCount "103"]
[EventDate "2023.01.20"]
[EventType "team-tourn"]
[EventRounds "5"]
[EventCountry "DEN"]
[SourceTitle "CBM 213 Extra"]
[Source "ChessBase"]
[SourceDate "2023.05.31"]
[SourceVersion "1"]
[SourceVersionDate "2023.05.31"]
[SourceQuality "1"]
[WhiteTeam "Denmark"]
[BlackTeam "Denmark II"]
[WhiteTeamCountry "DEN"]
[BlackTeamCountry "DEN"]

1. e4 g6 2. d4 d6 3. Nc3 Bg7 4. Be3 Nf6 5. Nf3 0-0 6. Be2 e5 7. dxe5 dxe5 8. 0-0 Qe7 9. Bg5 c6 10. h3 Rd8 11. Qc1 Na6 12. Bxa6 bxa6 13. Qe3 Rb8 14. b3 Re8 15. Rad1 Qc7 16. Na4 Nd7 17. Nc5 Nxc5 18. Qxc5 Qb6 19. Qc3 f6 20. Be3 Qc7 21. Qc5 Qb6 22. Qc4+ Be6 23. Qa4 c5 24. Qa3 Bf8 25. c4 a5 26. Bd2 Qc6 27. Qxa5 Qxe4 28. Be3 Qc6 29. Nh2 Qb6 30. Qc3 Red8 31. Ng4 Bxg4 32. hxg4 Qe6 33. g5 f5 34. f4 e4 35. Qa5 Qb6 36. Qc3 Bg7 37. Qc2 Bd4 38. Qe2 Rd7 39. Kh2 Rbd8 40. Bd2 Qe6 41. Ba5 Re8 42. b4 Qa6 43. Rc1 cxb4 44. Bxb4 Rb8 45. Bc3 Rc8 46. Bxd4 Rxd4 47. Rfd1 Rcd8 48. Rxd4 Rxd4 49. Qb2 Rd7 50. c5 Qd3 51. c6 Rd5 52. c7 1-0

[Event "DEN-ch U12 rapid"]
[Site "Odense"]
[Date "2022.09.30"]
[Round "1"]
[White "Zander, Emil"]
[Black "Frydendahl, Noah Skotte"]
[Result "1-0"]
[WhiteElo "2025"]
[BlackElo "1208"]
[PlyCount "93"]
[EventDate "2022.09.30"]
[EventType "swiss"]
[EventRounds "7"]
[EventCountry "DEN"]
[SourceTitle "EXT 2024"]
[Source "ChessBase"]
[SourceDate "2023.10.10"]
[SourceVersion "1"]
[SourceVersionDate "2023.10.10"]
[SourceQuality "1"]

1. e4 c5 2. Nf3 Nc6 3. d4 cxd4 4. Nxd4 Nf6 5. Nc3 e5 6. Ndb5 d6 7. Nd5 Nxd5 8. exd5 Nb4 9. c4 Bf5 10. Na3 Be7 11. Qa4+ Nc6 12. dxc6 bxc6 13. Qxc6+ Bd7 14. Qf3 0-0 15. Be2 Rc8 16. 0-0 Bc6 17. Qe3 h6 18. Bf3 Bg5 19. Qd3 Bxf3 20. Qxf3 Be7 21. Be3 a6 22. Rfd1 f5 23. Qd5+ Kh8 24. f3 Bg5 25. Bxg5 Qxg5 26. Qd2 f4 27. Qxd6 e4 28. Rd5 Qh4 29. fxe4 f3 30. Qg3 Qxe4 31. Rd7 f2+ 32. Kf1 Qh7 33. Rd2 Rf6 34. Rxf2 Rcf8 35. Rxf6 Rxf6+ 36. Kg1 Qe4 37. Rd1 Rg6 38. Qf2 h5 39. Nc2 Rf6 40. Rd8+ Kh7 41. Qd2 Rg6 42. Ne3 h4 43. Qd3 Qc6 44. h3 Qf6 45. c5 Qxb2 46. Rd6 Qa1+ 47. Nf1 1-0